Základy práva životného prostredia. 22

Zákony, vyhlášky a nariadenia tvoriace základy práva životného prostredia. Osobitnou problematikou v rámci právnej úpravy starostlivosti o životné prostredie je právna regulácia tých aktivít právnických a fyzických osôb, ktoré súvisia so zaobchádzaním s chemickými prípravkami, jedmi a inými látkami...

Descripción completa

Guardado en:
Detalles Bibliográficos
Autor principal: Košičiarová, Soňa
Formato: Capítulo de libro
Lenguaje:eslovaco
Materias:
Etiquetas: Agregar Etiqueta
Sin Etiquetas, Sea el primero en etiquetar este registro!

MARC

LEADER 00000naa a2200000 4500
001 r019688
005 20221213101449.3
041 0 |a slo 
044 |a SK 
245 1 0 |a Základy práva životného prostredia. 22  |c Soňa Košičiarová 
520 |a Zákony, vyhlášky a nariadenia tvoriace základy práva životného prostredia. Osobitnou problematikou v rámci právnej úpravy starostlivosti o životné prostredie je právna regulácia tých aktivít právnických a fyzických osôb, ktoré súvisia so zaobchádzaním s chemickými prípravkami, jedmi a inými látkami škodlivými zdraviu. 
610 2 0 |a právo ochrany prostredia 
610 2 0 |a predpisy právne 
610 2 0 |a prostredie životné 
610 2 0 |a látky chemické 
610 2 0 |a ochrana prostredia životného 
100 1 |a Košičiarová, Soňa